banner-ar

WOMEN'S WAYS OF KNOWING / (Record no. 13132)

MARC details
000 -الفاتح
حقل البيانات ثابتة الطول 00709nam a2200253Ia 4500
008 - عناصر البيانات ثابتة الطول - معلومات عامة
حقل البيانات ثابتة الطول 140319s9999 xx 000 0 eng d
040 ## - مصدر الفهرسة
وكالة الفهرسة الأصلية GCL /
وكالة النسخ GCL
082 04 - رقم تصنيف ديوى العشرى
رقم التصنيف 305.4
رقم المادة B W
100 1# - المدخل الرئيسى - إسم شخصى
الإسم الشخصى BELENKY, MARY FIELD
245 10 - بيان العنوان
العنوان WOMEN'S WAYS OF KNOWING /
بيان المسئوليه,etc BELENKY, MARY FIELD
700 1# - المدخل الاضافى - اسم شخصى
الإسم الشخصى CLINCHY, BLYTHE MC VICKER
700 1# - المدخل الاضافى - اسم شخصى
الإسم الشخصى GOLDBERGER, NANCY RULE
700 1# - المدخل الاضافى - اسم شخصى
الإسم الشخصى TARULE, JILL MATTUCK
260 ## - PUBLICATION, DISTRIBUTION, ETC. (IMPRINT)
تاريخ النشر أو التوزيع 1986
300 ## - الوصف المادى
التعداد 239 P
650 04 - المدخل الاضافى بالموضوع-مصطلح موضوعى
مصطلح موضوعي FEMINISM - UNITED STATES
650 04 - المدخل الاضافى بالموضوع-مصطلح موضوعى
مصطلح موضوعي UNITED STATES
650 04 - المدخل الاضافى بالموضوع-مصطلح موضوعى
مصطلح موضوعي EDUCATION
650 04 - المدخل الاضافى بالموضوع-مصطلح موضوعى
مصطلح موضوعي WOMEN
650 04 - المدخل الاضافى بالموضوع-مصطلح موضوعى
مصطلح موضوعي KNOWLEDGE THEORY
650 04 - المدخل الاضافى بالموضوع-مصطلح موضوعى
مصطلح موضوعي SELF - ACTUALIZATION - ( PSYC)
942 ## - عناصر المدخل الإضافي( كوها)
مصدر التصنيف او مخطط الترفيف Dewey Decimal Classification
Koha [default] item type كتاب
260 ## - PUBLICATION, DISTRIBUTION, ETC. (IMPRINT)
-- [S.N] :
-- "BASIC BOOKS, INC; PUBLISHERS" ،
Holdings
حالة التراجع حالة الفقد حالة تلف ليس للاعارة المكان المؤقت الموقع الحالى تاريخ الاكتساب اجمالي اﻻعارات رقم الطلب الباركود تاريخ اخر مشاهدة تاريخ تفعيل السعر نوع وعاء كوها
        مكتبة القاهرة الكبرى مكتبة القاهرة الكبرى 03/26/2014   305.4\B W 25319 03/26/2014 03/26/2014 كتاب

Powered By

EGPV